MARC details
| 000 -CABECERA |
| campo de control de longitud fija |
01492nam a2200361 i 4500 |
| 001 - NÚMERO DE CONTROL |
| campo de control |
000017839 |
| 003 - IDENTIFICADOR DEL NÚMERO DE CONTROL |
| campo de control |
DO-SdBNP |
| 005 - FECHA Y HORA DE LA ÚLTIMA TRANSACCIÓN |
| campo de control |
20240307073947.0 |
| 007 - CAMPO FIJO DE DESCRIPCIÓN FÍSICA--INFORMACIÓN GENERAL |
| campo de control de longitud fija |
ta |
| 008 - DATOS DE LONGITUD FIJA--INFORMACIÓN GENERAL |
| campo de control de longitud fija |
100406s1987 dr 000 0 spa d |
| 040 ## - FUENTE DE LA CATALOGACIÓN |
| Centro catalogador/agencia de origen |
DO-SdBNP |
| Lengua de catalogación |
spa |
| Centro/agencia transcriptor |
BNPHU |
| Normas de descripción |
rda |
| 082 #4 - NÚMERO DE LA CLASIFICACIÓN DECIMAL DEWEY |
| Número de edición |
22 |
| Número de clasificación |
923.77293 |
| Número de documento/Ítem |
P422P |
| 100 1# - ENTRADA PRINCIPAL--NOMBRE DE PERSONA |
| Nombre de persona |
Paulino Ramos, Alejandro, |
| Fechas asociadas al nombre |
1951- |
| Término indicativo de función/relación |
autor |
| 9 (RLIN) |
325 |
| 245 10 - MENCIÓN DE TÍTULO |
| Título |
Vida y obra de Ercilia Pepín / |
| Mención de responsabilidad, etc. |
Alejandro Paulino Ramos ; prólogo, Bienvenido R. Corominas Pepín. |
| 264 ## - PRODUCCIÓN, PUBLICACIÓN, DISTRIBUCIÓN, FABRICACIÓN Y COPYRIGHT |
| Producción, publicación, distribución, fabricación y copyright |
Santo Domingo : |
| Nombre del de productor, editor, distribuidor, fabricante |
UASD, |
| Fecha de producción, publicación, distribución, fabricación o copyright |
1987. |
| 300 ## - DESCRIPCIÓN FÍSICA |
| Extensión |
259 páginasa : |
| Otras características físicas |
ilustraciones ; |
| Dimensiones |
21 cm. |
| 336 ## - TIPO DE CONTENIDO |
| Fuente |
rdacontent |
| Término de tipo de contenido |
texto |
| Código de tipo de contenido |
txt |
| 337 ## - TIPO DE MEDIO |
| Fuente |
rdamedia |
| Nombre/término del tipo de medio |
sin mediación |
| Código del tipo de medio |
n |
| 338 ## - TIPO DE SOPORTE |
| Fuente |
rdacarrier |
| Nombre/término del tipo de soporte |
volumen |
| Código del tipo de soporte |
nc |
| 490 ## - MENCIÓN DE SERIE |
| Mención de serie |
Publicaciones de la Universidad Autónoma de Santo Domingo |
| Designación de volumen o secuencia |
569 |
| 490 ## - MENCIÓN DE SERIE |
| Mención de serie |
Educación y sociedad |
| Designación de volumen o secuencia |
33 |
| 500 ## - NOTA GENERAL |
| Nota general |
Incluye anexos con facsímiles de discursos cartas y certificaciones pertenecientes a Ercilia Pepín |
| 504 ## - NOTA DE BIBLIOGRAFÍA, ETC. |
| Nota de bibliografía, etc. |
Bibliografía : p. 247-259 |
| 586 ## - NOTA DE PREMIOS |
| Nota de premios |
Primer premio concurso literario sobre la vida y obra de Ercilia Pepín en el Centenario de su nacimiento |
| 590 ## - NOTA LOCAL (RLIN) |
| Nota local |
Inventariado, 2021/BT |
| 600 10 - PUNTO DE ACCESO ADICIONAL DE MATERIA--NOMBRE DE PERSONA |
| Nombre de persona |
Pepín, Ercilia, |
| Fechas asociadas al nombre |
1886-1939 |
| 9 (RLIN) |
6456 |
| 650 #4 - PUNTO DE ACCESO ADICIONAL DE MATERIA--TÉRMINO DE MATERIA |
| Término de materia o nombre geográfico como elemento de entrada |
Maestros |
| Subdivisión geográfica |
República Dominicana |
| 9 (RLIN) |
6457 |
| 650 #4 - PUNTO DE ACCESO ADICIONAL DE MATERIA--TÉRMINO DE MATERIA |
| Término de materia o nombre geográfico como elemento de entrada |
Educación |
| Subdivisión general |
Historia |
| Subdivisión geográfica |
República Dominicana |
| 9 (RLIN) |
628 |
| 700 1# - PUNTO DE ACCESO ADICIONAL--NOMBRE DE PERSONA |
| Nombre de persona |
Corominas Pepín, Bienvenido R., |
| Término indicativo de función/relación |
prólogo |
| 9 (RLIN) |
6459 |
| 710 1# - PUNTO DE ACCESO ADICIONAL--NOMBRE DE ENTIDAD CORPORATIVA |
| Nombre de entidad corporativa o nombre de jurisdicción como elemento de entrada |
Universidad Autónoma de Santo Domingo |
| 9 (RLIN) |
72951 |
| 910 ## - DATOS DE OPCIÓN DEL USUARIO (OCLC) |
| Datos de opción del usuario |
Validado. Control de calidad. MFF |
| 942 ## - ELEMENTOS DE PUNTO DE ACCESO ADICIONAL (KOHA) |
| Fuente del sistema de clasificación o colocación |
Dewey Decimal Classification |
| Tipo de ítem Koha |
Libro |